Tennis - Le top 20 du classement ATP au 1er janvier 2007 - Statistiques

Statistiques générales
  • Ce quiz a été pris 10 fois
  • Le résultat moyen est 11 sur 20
Statistiques - réponses
Rang Joueur Pays Âge Points % Correct
16 Novak Djokovic Serbie 19 1 380
100%
2 Rafael Nadal Espagne 20 4 470
100%
1 Roger Federer Suisse 25 8 370
100%
18 Richard Gasquet France 20 1 365
80%
14 David Ferrer Espagne 24 1 475
70%
17 Andy Murray Royaume-Uni 19 1 370
60%
8 David Nalbandian Argentine 25 2 295
60%
20 Lleyton Hewitt Australie 25 1 315
60%
3 Nikolay Davydenko Russie 25 2 825
60%
6 Andy Roddick États-Unis 24 2 415
50%
13 Tomas Berdych Tchéquie 21 1 705
50%
5 Ivan Ljubicic Croatie 27 2 495
40%
4 James Blake États-Unis 27 2 530
40%
12 Marcos Baghdatis Chypre 21 1 860
40%
11 Tommy Haas Allemagne 28 1 890
40%
7 Tommy Robredo Espagne 24 2 375
40%
10 Fernando Gonzalez Chili 26 2 015
30%
9 Mario Ancic Croatie 22 2 060
30%
15 Jarkko Nieminen Finlande 25 1 460
20%
19 Radek Stepanek Tchéquie 28 1 340
10%
Aucun quiz correspondant
Distribution des résultats
% des personnes avec chaque résultat
Percentile par nombre de réponses
Votre historique - résultats
Vous n’avez pas pris ce quiz